Statistiques concernant Tous les pokémon de Mélina

Cliquez ici pour prendre le quiz!

Statistiques générales

  • Ce quiz a été pris 14 fois
  • Le résultat moyen est 11 sur 14

Statistiques - réponses

HintRéponse% Correct
PlatineCharmina
100%
Lucario
100%
Machopeur
100%
Mackogneur
100%
Diamant & PerleMéditikka
100%
Kapoera
90%
Noir2 & Blanc2Simiabraz
90%
Braségali
80%
Chapignon
70%
Coatox
70%
Gallame
60%
Diamant étincelant
& Perle scintillante
Scarhino
60%
Dracolosse
20%
Pingoléon
20%

Distribution des résultats

Percentile par nombre de réponses

% des personnes avec chaque résultat

Votre développement - résultats

Vous n’avez pas pris ce quiz